[Event "Rio de Janeiro Sartori Memorial 2nd"]
[Site "Rio de Janeiro"]
[Date "2018.07.24"]
[Round "6"]
[White "Telek, Ian"]
[Black "Fontes, Carlos Henrique Bat"]
[Result "0-1"]
[WhiteElo "1923"]
[BlackElo "2190"]
[PlyCount "80"]
[EventDate "2018.06.19"]
[EventType "swiss"]
[EventRounds "6"]
[EventCountry "BRA"]
[SourceTitle "EXT 2019"]
[Source "ChessBase"]
[SourceDate "2018.10.10"]
[SourceVersion "1"]
[SourceVersionDate "2018.10.10"]
[SourceQuality "1"]

1. e4 d6 2. d4 Nf6 3. Nc3 g6 4. f4 Bg7 5. Nf3 c5 6. Bc4 cxd4 7. Nxd4 0-0 8. Bb3 Bg4 9. Nf3 Nc6 10. Be3 Na5 11. h3 Nxb3 12. axb3 Bxf3 13. Qxf3 a6 14. 0-0 Qc7 15. g4 e6 16. Rf2 Nd7 17. Raf1 b5 18. f5 b4 19. Ne2 exf5 20. exf5 Rae8 21. Nf4 Ne5 22. Qg3 Qc6 23. f6 Bxf6 24. Nd5 Bg7 25. Nf6+ Bxf6 26. Rxf6 Re6 27. Qf4 Qe8 28. Qh6 Nd7 29. R6f3 f6 30. Bd4 Ne5 31. R3f2 Qc6 32. g5 Nf7 33. Qh4 Re4 34. Qg3 Rxd4 35. Rxf6 Rd5 36. h4 Qc5+ 37. Kh1 Rd2 38. Qf3 Qd5 39. Kg1 Qxf3 40. R6xf3 Rxc2 0-1

[Event "Rio de Janeiro Sartori Memorial 2nd"]
[Site "Rio de Janeiro"]
[Date "2018.07.17"]
[Round "5"]
[White "Fontes, Carlos Henrique Bat"]
[Black "Rodrigues, Nei Jorge"]
[Result "0-1"]
[WhiteElo "2190"]
[BlackElo "2157"]
[PlyCount "58"]
[EventDate "2018.06.19"]
[EventType "swiss"]
[EventRounds "6"]
[EventCountry "BRA"]
[SourceTitle "EXT 2019"]
[Source "ChessBase"]
[SourceDate "2018.10.10"]
[SourceVersion "1"]
[SourceVersionDate "2018.10.10"]
[SourceQuality "1"]

1. e4 e6 2. d4 d5 3. Nc3 dxe4 4. Nxe4 Nd7 5. Nf3 Ngf6 6. Nxf6+ Nxf6 7. Bd3 Bd6 8. 0-0 0-0 9. Bg5 c5 10. dxc5 Bxc5 11. Qe2 h6 12. Bh4 Be7 13. Rfd1 Qc7 14. Ne5 g5 15. Bg3 Qc5 16. h4 Kg7 17. c4 a5 18. Rac1 a4 19. Bb1 Ra5 20. Nd3 Qc6 21. Be5 b5 22. hxg5 hxg5 23. Qe3 Rg8 24. Ne1 Kf8 25. Bc3 Ra7 26. Qh3 Ke8 27. Qh6 Ng4 28. Qh7 Kf8 29. Rd8+ Bxd8 0-1

[Event "Rio de Janeiro Sartori Memorial 2nd"]
[Site "Rio de Janeiro"]
[Date "2018.07.10"]
[Round "4"]
[White "Frota, Alvaro M"]
[Black "Fontes, Carlos Henrique Bat"]
[Result "1/2-1/2"]
[WhiteElo "2107"]
[BlackElo "2190"]
[PlyCount "28"]
[EventDate "2018.06.19"]
[EventType "swiss"]
[EventRounds "6"]
[EventCountry "BRA"]
[SourceTitle "EXT 2019"]
[Source "ChessBase"]
[SourceDate "2018.10.10"]
[SourceVersion "1"]
[SourceVersionDate "2018.10.10"]
[SourceQuality "1"]

1. e4 c5 2. Nf3 Nc6 3. d4 cxd4 4. Nxd4 Nf6 5. Nc3 e5 6. Ndb5 h6 7. Nd6+ Bxd6 8. Qxd6 Qe7 9. Nb5 Qxd6 10. Nxd6+ Ke7 11. Nf5+ Kd8 12. Nd6 Ke7 13. Nf5+ Kd8 14. Nd6 Ke7 1/2-1/2

[Event "Rio de Janeiro Sartori Memorial 2nd"]
[Site "Rio de Janeiro"]
[Date "2018.06.26"]
[Round "2"]
[White "Rolim, Carlos Alves"]
[Black "Fontes, Carlos Henrique Bat"]
[Result "0-1"]
[WhiteElo "1901"]
[BlackElo "2190"]
[PlyCount "82"]
[EventDate "2018.06.19"]
[EventType "swiss"]
[EventRounds "6"]
[EventCountry "BRA"]
[SourceTitle "EXT 2019"]
[Source "ChessBase"]
[SourceDate "2018.10.10"]
[SourceVersion "1"]
[SourceVersionDate "2018.10.10"]
[SourceQuality "1"]

1. d4 d6 2. c4 e5 3. dxe5 dxe5 4. Qxd8+ Kxd8 5. Nc3 Be6 6. e4 Nd7 7. Be3 c6 8. Nf3 f6 9. Be2 Kc7 10. 0-0 g5 11. a3 Ne7 12. b4 Ng6 13. Rfd1 a5 14. b5 a4 15. bxc6 bxc6 16. Rd2 Nc5 17. Rad1 Nf4 18. Bf1 Nb3 19. Ra2 Bc5 20. Bxc5 Nxc5 21. Rad2 Rab8 22. g3 Bg4 23. gxf4 Bxf3 24. Be2 Bxe2 25. Nxe2 gxf4 26. f3 Rb3 27. Kf2 Rxa3 28. Nc1 Rc3 29. Rg1 Rd8 30. Rg7+ Rd7 31. Rgxd7+ Nxd7 32. Nd3 Rxc4 33. Nb2 Rb4 34. Nd3 Rb3 35. Nc1 Rc3 36. Na2 Rc4 37. Kg2 Nc5 38. Kh3 Nb3 39. Rg2 Nd4 40. Rg7+ Kd6 41. Kg4 Rc2 0-1

[Event "Rio de Janeiro IRT de Inverno"]
[Site "Rio de Janeiro"]
[Date "2010.06.09"]
[Round "3.1"]
[White "Fontes, Carlos Henrique Bat"]
[Black "Rodrigues, Nei Jorge"]
[Result "1/2-1/2"]
[WhiteElo "2225"]
[BlackElo "2064"]
[PlyCount "68"]
[EventDate "2010.06.09"]
[EventType "swiss"]
[EventRounds "6"]
[EventCountry "BRA"]
[SourceTitle "EXT 2022"]
[Source "ChessBase"]
[SourceDate "2021.10.06"]
[SourceVersion "1"]
[SourceVersionDate "2021.10.06"]
[SourceQuality "1"]

1. g3 g6 2. Bg2 Bg7 3. c4 d6 4. Nf3 c5 5. 0-0 Nc6 6. Nc3 Nf6 7. d4 cxd4 8. Nxd4 Qb6 9. Nc2 Be6 10. Ne3 Rc8 11. b3 Qa5 12. Bb2 Ng4 13. Nxg4 Bxg4 14. Qd2 Qh5 15. Nd5 Bxb2 16. Qxb2 0-0 17. b4 Rfe8 18. c5 Qe5 19. Qxe5 dxe5 20. e3 Kg7 21. a3 Be2 22. Rfe1 Bc4 23. Rac1 Bd3 24. Nc3 f5 25. Red1 Red8 26. f3 g5 27. Rd2 Bc4 28. Rcd1 Rxd2 29. Rxd2 Rd8 30. Rxd8 Nxd8 31. Bf1 Bxf1 32. Kxf1 h5 33. Ke2 Kf7 34. Kd3 Ke6 1/2-1/2

[Event "Rio de Janeiro IRT op"]
[Site "Rio de Janeiro"]
[Date "2010.04.18"]
[Round "5"]
[White "Fontes, Carlos Henrique Bat"]
[Black "Rodrigues, Nei Jorge"]
[Result "1-0"]
[WhiteElo "2231"]
[BlackElo "2065"]
[PlyCount "45"]
[EventDate "2010.04.14"]
[EventType "swiss"]
[EventRounds "6"]
[EventCountry "BRA"]
[SourceTitle "EXT 2012"]
[Source "ChessBase"]
[SourceDate "2011.11.24"]
[SourceVersion "1"]
[SourceVersionDate "2011.11.24"]
[SourceQuality "1"]

1. c4 b6 2. Nc3 e6 3. e4 Bb7 4. g3 Bb4 5. Nge2 Nf6 6. Bg2 0-0 7. 0-0 d5 8. e5 Ne8 9. cxd5 exd5 10. Qb3 Bxc3 11. bxc3 c5 12. d4 Na6 13. Nf4 Nec7 14. Ba3 Rb8 15. Nh5 Qg5 16. Qd1 Nb5 17. f4 Qe7 18. Bb2 Kh8 19. a4 Nbc7 20. Qg4 Rg8 21. f5 f6 22. Nf4 Rgd8 23. Ng6+ 1-0

[Event "Rio de Janeiro Brazil op"]
[Site "Rio de Janeiro"]
[Date "2010.02.21"]
[Round "4"]
[White "Cramling, Dan"]
[Black "Fontes, Carlos Henrique Bat"]
[Result "1-0"]
[WhiteElo "2408"]
[BlackElo "2209"]
[PlyCount "45"]
[EventDate "2010.02.19"]
[EventType "swiss"]
[EventRounds "6"]
[EventCountry "BRA"]
[SourceTitle "CBM 134 Extra"]
[Source "ChessBase"]
[SourceDate "2010.03.03"]
[SourceVersion "1"]
[SourceVersionDate "2010.03.03"]
[SourceQuality "1"]

1. d4 d6 2. c4 e5 3. Nc3 exd4 4. Qxd4 Nc6 5. Qd2 g6 6. b3 Bg7 7. Bb2 Nf6 8. g3 0-0 9. Bg2 Bf5 10. Nh3 Re8 11. Nf4 Ne4 12. Nxe4 Bxb2 13. Qxb2 Bxe4 14. f3 Bf5 15. 0-0 Ne5 16. e4 Be6 17. Rad1 Qf6 18. Qc2 Rac8 19. Qf2 a5 20. Nd5 Bxd5 21. cxd5 c5 22. dxc6 bxc6 23. Bh3 1-0

[Event "Rio de Janeiro Da Motta Cup"]
[Site "Rio de Janeiro"]
[Date "2008.12.14"]
[Round "9"]
[White "Maia, Jose Eduardo Bastos"]
[Black "Fontes, Carlos Henrique Bat"]
[Result "0-1"]
[WhiteElo "2139"]
[BlackElo "2222"]
[PlyCount "26"]
[EventDate "2008.12.06"]
[EventType "tourn"]
[EventRounds "9"]
[EventCountry "BRA"]
[SourceTitle "EXT 2010"]
[Source "ChessBase"]
[SourceDate "2010.11.25"]
[SourceVersion "1"]
[SourceVersionDate "2010.11.25"]
[SourceQuality "1"]

1. d4 Nf6 2. Nf3 e6 3. Bg5 d5 4. e3 Be7 5. Nbd2 0-0 6. Bd3 c5 7. c3 h6 8. Bh4 Nc6 9. Ne5 Nd7 10. Bxe7 Qxe7 11. Qh5 cxd4 12. exd4 Ndxe5 13. dxe5 Qg5 0-1

[Event "Rio de Janeiro Da Motta Cup"]
[Site "Rio de Janeiro"]
[Date "2008.12.13"]
[Round "8"]
[White "Fontes, Carlos Henrique Bat"]
[Black "Saldano Dayer, Horacio"]
[Result "0-1"]
[WhiteElo "2222"]
[BlackElo "2457"]
[PlyCount "82"]
[EventDate "2008.12.06"]
[EventType "tourn"]
[EventRounds "9"]
[EventCountry "BRA"]
[SourceTitle "EXT 2010"]
[Source "ChessBase"]
[SourceDate "2010.11.25"]
[SourceVersion "1"]
[SourceVersionDate "2010.11.25"]
[SourceQuality "1"]

1. c4 g6 2. Nf3 c5 3. g3 Bg7 4. Bg2 Nc6 5. 0-0 d6 6. Nc3 Nf6 7. d3 0-0 8. Bd2 Rb8 9. a3 a6 10. Qa4 Bg4 11. h3 Bxf3 12. exf3 Nd4 13. Qd1 b5 14. Rb1 Nd7 15. cxb5 axb5 16. Ne2 Nxe2+ 17. Qxe2 Nb6 18. Bg5 Re8 19. Bd2 Qd7 20. Rfe1 Na4 21. b3 Nc3 22. Bxc3 Bxc3 23. Rec1 Bd4 24. f4 e5 25. Qd2 exf4 26. Qxf4 Re2 27. Rf1 Rbe8 28. a4 R8e5 29. g4 Re6 30. Qf3 bxa4 31. bxa4 Qxa4 32. Rb8+ Kg7 33. g5 Re8 34. Rb7 R8e7 35. Rxe7 Rxe7 36. h4 Qc2 37. h5 gxh5 38. Qf5 Qe2 39. Bf3 Qe6 40. Qf4 Qh3 41. Qxd6 Re6 0-1

[Event "Rio de Janeiro Da Motta Cup"]
[Site "Rio de Janeiro"]
[Date "2008.12.12"]
[Round "7"]
[White "Cramling, Dan"]
[Black "Fontes, Carlos Henrique Bat"]
[Result "1-0"]
[WhiteElo "2399"]
[BlackElo "2222"]
[PlyCount "127"]
[EventDate "2008.12.06"]
[EventType "tourn"]
[EventRounds "9"]
[EventCountry "BRA"]
[SourceTitle "EXT 2010"]
[Source "ChessBase"]
[SourceDate "2010.11.25"]
[SourceVersion "1"]
[SourceVersionDate "2010.11.25"]
[SourceQuality "1"]

1. d4 d5 2. c4 e6 3. Nc3 Nf6 4. Bg5 c5 5. cxd5 exd5 6. Nf3 Nc6 7. e3 c4 8. Bxf6 gxf6 9. Be2 f5 10. g3 Be6 11. h4 b5 12. Ng5 Qa5 13. Bh5 Ba3 14. Qb1 0-0 15. 0-0 Be7 16. Bxf7+ Bxf7 17. Qxf5 Bxg5 18. Qxg5+ Kh8 19. Qf6+ Kg8 20. Qg5+ Kh8 21. Qf6+ Kg8 22. Qxc6 b4 23. Ne2 Rac8 24. Qf6 Qb5 25. Qg5+ Kh8 26. Qf6+ Kg8 27. Qg5+ Kh8 28. h5 Qd7 29. Qe5+ Kg8 30. Qg5+ Kh8 31. Qe5+ Kg8 32. Nf4 h6 33. e4 dxe4 34. d5 Rce8 35. Qd4 Qg4 36. Rfe1 Qf5 37. Rac1 Re5 38. Rxc4 Bxd5 39. Rc5 e3 40. fxe3 Qg4 41. Rxd5 Qxg3+ 42. Ng2 Rf2 43. Rd8+ Kg7 44. Rd7+ Kh8 45. Rd8+ Kg7 46. Qd7+ Rf7 47. Qd1 Rg5 48. Re2 Rxh5 49. Qd4+ Rf6 50. Qxa7+ Rf7 51. Qd4+ Rf6 52. Rg8+ Kxg8 53. Qxf6 Qh2+ 54. Kf1 Qh1+ 55. Kf2 Qb1 56. e4 Rh1 57. Qg6+ Kh8 58. Kg3 Qd3+ 59. Re3 Qd7 60. Qf6+ Kg8 61. Qf5 Qc7+ 62. e5 h5 63. Qg5+ Kh7 64. Rf3 1-0

[Event "Rio de Janeiro Lendas"]
[Site "Rio de Janeiro"]
[Date "2008.03.02"]
[Round "5"]
[White "Mascarenhas, Alberto Pinheiro"]
[Black "Fontes, Carlos Henrique Bat"]
[Result "1/2-1/2"]
[WhiteElo "2263"]
[BlackElo "2232"]
[PlyCount "25"]
[EventDate "2008.02.29"]
[EventType "tourn"]
[EventRounds "9"]
[EventCountry "BRA"]
[EventCategory "1"]
[SourceTitle "CBM 123 Extra"]
[Source "ChessBase"]
[SourceDate "2008.05.06"]
[SourceVersion "1"]
[SourceVersionDate "2008.05.06"]
[SourceQuality "1"]

1. Nf3 d5 2. d4 Nc6 3. Bf4 Bg4 4. e3 e6 5. c4 Bb4+ 6. Nc3 Nge7 7. Rc1 0-0 8. h3 Bxf3 9. Qxf3 Ng6 10. cxd5 exd5 11. Bd3 Nxf4 12. Qxf4 Ne7 13. 0-0 1/2-1/2

[Event "Rio de Janeiro Lendas"]
[Site "Rio de Janeiro"]
[Date "2008.03.01"]
[Round "2"]
[White "Fontes, Carlos Henrique Bat"]
[Black "Maia, Jose Eduardo Bastos"]
[Result "1-0"]
[WhiteElo "2232"]
[BlackElo "2149"]
[PlyCount "49"]
[EventDate "2008.02.29"]
[EventType "tourn"]
[EventRounds "9"]
[EventCountry "BRA"]
[EventCategory "1"]
[SourceTitle "CBM 123 Extra"]
[Source "ChessBase"]
[SourceDate "2008.05.06"]
[SourceVersion "1"]
[SourceVersionDate "2008.05.06"]
[SourceQuality "1"]

1. d4 f5 2. Nf3 Nf6 3. e3 g6 4. c4 Bg7 5. Nc3 d6 6. Bd3 0-0 7. 0-0 Qe8 8. h3 e5 9. dxe5 dxe5 10. e4 c6 11. Re1 f4 12. c5 h6 13. Nd2 Nbd7 14. b4 a5 15. Nc4 g5 16. Nd6 Qg6 17. Bc4+ Kh8 18. Ba3 axb4 19. Bxb4 b6 20. Nxc8 Rfxc8 21. cxb6 Nxb6 22. Be6 Rd8 23. Qb3 Rab8 24. Bf7 Qh7 25. Qe6 1-0

[Event "Rio de Janeiro Lendas"]
[Site "Rio de Janeiro"]
[Date "2008.02.29"]
[Round "1"]
[White "Chauca, Jose Luis Murga"]
[Black "Fontes, Carlos Henrique Bat"]
[Result "1-0"]
[WhiteElo "2186"]
[BlackElo "2232"]
[PlyCount "93"]
[EventDate "2008.02.29"]
[EventType "tourn"]
[EventRounds "9"]
[EventCountry "BRA"]
[EventCategory "1"]
[SourceTitle "CBM 123 Extra"]
[Source "ChessBase"]
[SourceDate "2008.05.06"]
[SourceVersion "1"]
[SourceVersionDate "2008.05.06"]
[SourceQuality "1"]

1. e4 c5 2. Nf3 d6 3. Bb5+ Nc6 4. 0-0 Bd7 5. Re1 a6 6. Bxc6 Bxc6 7. d4 cxd4 8. Nxd4 Nf6 9. Nxc6 bxc6 10. c4 g6 11. Nc3 Bg7 12. Qa4 Qd7 13. h3 0-0 14. Be3 Qe6 15. c5 dxc5 16. Bxc5 Rfd8 17. Rad1 Nd7 18. Bd4 Ne5 19. f4 Nc4 20. Bxg7 Rxd1 21. Nxd1 Kxg7 22. b3 Nd6 23. Qxc6 Rc8 24. Qxa6 Rc1 25. e5 Qd5 26. exd6 Rxd1 27. Rxd1 Qxd1+ 28. Qf1 Qd4+ 29. Qf2 Qxd6 30. Qe3 f6 31. a4 e5 32. fxe5 fxe5 33. a5 Qd1+ 34. Kh2 e4 35. Qxe4 Qd6+ 36. g3 Qd2+ 37. Qg2 Qxa5 38. Qb2+ Kh6 39. b4 Qb5 40. h4 Qf1 41. b5 g5 42. hxg5+ Kxg5 43. Qg7+ Kh5 44. Qxh7+ Kg5 45. Qh4+ Kg6 46. Qg4+ Kh7 47. Qh3+ 1-0

[Event "Rio de Janeiro Masters"]
[Site "Rio de Janeiro"]
[Date "2007.05.27"]
[Round "2"]
[White "Limp, Eduardo Thelio"]
[Black "Fontes, Carlos Henrique Bat"]
[Result "1/2-1/2"]
[WhiteElo "2414"]
[BlackElo "2202"]
[PlyCount "100"]
[EventDate "2007.05.26"]
[EventType "swiss"]
[EventRounds "7"]
[EventCountry "BRA"]
[SourceTitle "EXT 2008"]
[Source "ChessBase"]
[SourceDate "2007.11.25"]
[SourceVersion "1"]
[SourceVersionDate "2007.11.25"]
[SourceQuality "1"]

1. Nf3 Nf6 2. d4 b6 3. g3 Bb7 4. Bg2 e6 5. 0-0 Be7 6. c4 0-0 7. Nc3 d6 8. Re1 Nbd7 9. e4 e5 10. b3 Re8 11. Bb2 Bf8 12. Qc2 a6 13. Rad1 Qb8 14. Nd5 c6 15. dxe5 dxe5 16. Nxf6+ Nxf6 17. Qc3 Bd6 18. Re2 c5 19. Nh4 b5 20. Nf5 b4 21. Qe3 Bf8 22. Red2 h6 23. f3 Qc7 24. Qf2 a5 25. g4 Ra6 26. Qg3 g6 27. Ne3 Kh7 28. Bf1 Bg7 29. h4 Ng8 30. Rd7 Qb8 31. Rxf7 Re7 32. Rd7 Rxd7 33. Rxd7 Re6 34. h5 Bc6 35. hxg6+ Kxg6 36. Rd2 Bf6 37. Nd5 Bg5 38. Rd1 Ne7 39. Qh2 Be8 40. Nxe7+ Rxe7 41. Rd5 Bf4 42. Qf2 Qb6 43. Kg2 h5 44. Qxc5 Qxc5 45. Rxc5 hxg4 46. fxg4 a4 47. bxa4 Bxa4 48. Be2 Kf6 49. Ra5 Bc2 50. Bf3 Rh7 1/2-1/2

[Event "Rio de Janeiro tt"]
[Site "Rio de Janeiro"]
[Date "2001.08.26"]
[Round "5"]
[White "Fernandes, Jose Costa Jr"]
[Black "Fontes, Carlos Henrique Bat"]
[Result "1-0"]
[WhiteElo "2260"]
[BlackElo "2192"]
[PlyCount "77"]
[EventDate "2001.08.18"]
[EventType "team"]
[EventRounds "5"]
[EventCountry "BRA"]
[SourceTitle "EXT 2005"]
[Source "ChessBase"]
[SourceDate "2004.11.15"]
[SourceVersion "1"]
[SourceVersionDate "2004.11.15"]
[SourceQuality "1"]

1. e4 c5 2. Nf3 Nc6 3. d4 cxd4 4. Nxd4 Nf6 5. Nc3 e6 6. a3 Be7 7. Be3 d6 8. Be2 a6 9. 0-0 Qc7 10. Kh1 Bd7 11. f4 0-0 12. Qe1 Rab8 13. Qg3 b5 14. Rad1 Na5 15. e5 Ne8 16. Ne4 d5 17. Ng5 Bxg5 18. Qxg5 f6 19. Qh4 Nc4 20. Bc1 Qd8 21. Bd3 f5 22. Qh3 Rb7 23. g4 g6 24. gxf5 exf5 25. b3 Nb6 26. Rde1 Ng7 27. e6 Be8 28. Bd2 Nc8 29. Bb4 Ne7 30. Rg1 Qb6 31. Qh4 Qxd4 32. Bxe7 Rxe7 33. Qxe7 Qxf4 34. Rgf1 Qh6 35. Qd6 d4 36. e7 Rf7 37. a4 Qh4 38. axb5 axb5 39. Qd8 1-0

[Event "Rio de Janeiro tt"]
[Site "Rio de Janeiro"]
[Date "2001.08.18"]
[Round "1"]
[White "Fontes, Carlos Henrique Bat"]
[Black "Maia, Jose Eduardo Bastos"]
[Result "0-1"]
[WhiteElo "2192"]
[BlackElo "2222"]
[PlyCount "42"]
[EventDate "2001.08.18"]
[EventType "team"]
[EventRounds "5"]
[EventCountry "BRA"]
[SourceTitle "EXT 2005"]
[Source "ChessBase"]
[SourceDate "2004.11.15"]
[SourceVersion "1"]
[SourceVersionDate "2004.11.15"]
[SourceQuality "1"]

1. c4 e5 2. Nc3 Nf6 3. Nf3 Nc6 4. e4 Bb4 5. d3 d6 6. g3 0-0 7. Bg2 h6 8. 0-0 Bg4 9. h3 Be6 10. Nd5 Bc5 11. Kh2 Nd4 12. Rb1 Nxd5 13. cxd5 Bd7 14. b4 Bb6 15. Nxd4 Bxd4 16. g4 Qh4 17. Qf3 c6 18. dxc6 bxc6 19. Bd2 Rab8 20. Qg3 Qxg3+ 21. Kxg3 Rb6 0-1

[Event "Rio de Janeiro masters op"]
[Site "Rio de Janeiro"]
[Date "1999.07.16"]
[Round "5"]
[White "Fontes, Carlos Henrique Bat"]
[Black "Mercadante, Ricardo Rodrigues"]
[Result "1/2-1/2"]
[WhiteElo "2245"]
[BlackElo "2295"]
[PlyCount "29"]
[EventDate "1999.07.10"]
[EventType "swiss"]
[EventRounds "7"]
[EventCountry "BRA"]
[SourceTitle "EXT 2003"]
[Source "ChessBase"]
[SourceDate "2002.11.25"]
[SourceVersion "1"]
[SourceVersionDate "2002.11.25"]
[SourceQuality "1"]

1. e4 c5 2. c3 Nf6 3. e5 Nd5 4. d4 cxd4 5. cxd4 e6 6. Nf3 d6 7. Be2 Nc6 8. 0-0 Be7 9. Qb3 0-0 10. Nc3 Nxc3 11. Qxc3 Bd7 12. Bf4 dxe5 13. dxe5 Nb4 14. Qd2 Bc6 15. a3 1/2-1/2

[Event "Rio de Janeiro masters op"]
[Site "Rio de Janeiro"]
[Date "1999.07.13"]
[Round "3"]
[White "Fontes, Carlos Henrique Bat"]
[Black "Rocha, Valdemir"]
[Result "1-0"]
[WhiteElo "2245"]
[BlackElo "2132"]
[PlyCount "49"]
[EventDate "1999.07.10"]
[EventType "swiss"]
[EventRounds "7"]
[EventCountry "BRA"]
[SourceTitle "EXT 2003"]
[Source "ChessBase"]
[SourceDate "2002.11.25"]
[SourceVersion "1"]
[SourceVersionDate "2002.11.25"]
[SourceQuality "1"]

1. c4 Nf6 2. Nc3 e6 3. Nf3 Nc6 4. e4 Bb4 5. e5 Ng4 6. d4 h5 7. h3 Nh6 8. d5 Ne7 9. Bg5 d6 10. Qa4+ Qd7 11. Qxb4 Nef5 12. g4 hxg4 13. hxg4 Ne7 14. Bxe7 Qxe7 15. g5 f6 16. gxh6 fxe5 17. hxg7 Qxg7 18. Rxh8+ Qxh8 19. 0-0-0 Qh6+ 20. Kb1 exd5 21. Ka1 e4 22. Nxd5 Qg7 23. Re1 Bf5 24. Qxb7 Rc8 25. Nh4 1-0

[Event "Naval CC Magistral 4th"]
[Site "Rio de Janeiro"]
[Date "1997.02.15"]
[Round "3"]
[White "Fontes, Carlos Henrique Bat"]
[Black "Toth, Peter"]
[Result "1/2-1/2"]
[WhiteElo "2310"]
[BlackElo "2240"]
[PlyCount "31"]
[EventDate "1997.02.13"]
[EventType "swiss"]
[EventRounds "9"]
[EventCountry "BRA"]
[SourceTitle "EXT 2006"]
[Source "ChessBase"]
[SourceDate "2005.11.24"]
[SourceVersion "1"]
[SourceVersionDate "2005.11.24"]
[SourceQuality "1"]

1. c4 c5 2. Nf3 Nc6 3. g3 g6 4. Bg2 Bg7 5. 0-0 Nf6 6. Nc3 0-0 7. d4 cxd4 8. Nxd4 Ne5 9. b3 a6 10. Bb2 Rb8 11. Qd2 d6 12. Nd5 Ned7 13. Rfd1 Nc5 14. Rac1 Bd7 15. h3 h5 16. Nxf6+ 1/2-1/2

[Event "Naval CC Magistral 4th"]
[Site "Rio de Janeiro"]
[Date "1997.02.14"]
[Round "2"]
[White "Cardoso, Carlos Alberto"]
[Black "Fontes, Carlos Henrique Bat"]
[Result "1-0"]
[WhiteElo "2195"]
[BlackElo "2310"]
[PlyCount "82"]
[EventDate "1997.02.13"]
[EventType "swiss"]
[EventRounds "9"]
[EventCountry "BRA"]
[SourceTitle "EXT 2006"]
[Source "ChessBase"]
[SourceDate "2005.11.24"]
[SourceVersion "1"]
[SourceVersionDate "2005.11.24"]
[SourceQuality "1"]

1. e4 c5 2. Nf3 d6 3. d4 cxd4 4. Nxd4 Nf6 5. Nc3 a6 6. f4 Nc6 7. Be3 g6 8. Nxc6 bxc6 9. Bc4 Bg7 10. h3 Qa5 11. 0-0 0-0 12. Bb3 Bb7 13. Qe1 c5 14. e5 Ne4 15. Nd5 Qxe1 16. Nxe7+ Kh8 17. Raxe1 dxe5 18. f5 Rae8 19. Nd5 Rd8 20. c4 gxf5 21. Rxf5 Bc8 22. Rff1 f5 23. Bc2 Ng3 24. Rf3 Ne4 25. Bxe4 fxe4 26. Rxf8+ Bxf8 27. Bg5 Rd6 28. Rxe4 Bg7 29. Be7 Rd7 30. Bxc5 Bb7 31. Re2 Bxd5 32. cxd5 Rxd5 33. Be3 Bf6 34. Rc2 Kg7 35. Kf2 Rb5 36. b3 h5 37. g4 hxg4 38. hxg4 Rb4 39. Rc4 Rb5 40. Kf3 Rb7 41. Ke4 Kf7 1-0

[Event "Belo Horizonte Centenario op"]
[Site "Belo Horizonte"]
[Date "1997.??.??"]
[Round "4"]
[White "Cardoso, Carlos Alberto"]
[Black "Fontes, Carlos Henrique Bat"]
[Result "1/2-1/2"]
[WhiteElo "2195"]
[BlackElo "2310"]
[PlyCount "20"]
[EventDate "1997.??.??"]
[EventType "swiss"]
[EventRounds "7"]
[EventCountry "BRA"]
[SourceTitle "EXT 1999"]
[Source "ChessBase"]
[SourceDate "1998.11.16"]
[SourceVersion "1"]
[SourceVersionDate "1998.11.16"]
[SourceQuality "1"]

1. e4 g6 2. d4 d6 3. Nc3 Bg7 4. Nf3 Nf6 5. Bc4 0-0 6. Qe2 c6 7. a4 d5 8. Bd3 dxe4 9. Nxe4 Nxe4 10. Qxe4 Bf5 1/2-1/2

[Event "German Memorial"]
[Site "Brazil"]
[Date "1997.??.??"]
[Round "?"]
[White "Disconzi da Silva, Rodrigo"]
[Black "Fontes, Carlos Henrique Bat"]
[Result "1-0"]
[WhiteElo "2345"]
[BlackElo "2310"]
[PlyCount "117"]
[EventDate "1997.??.??"]
[EventType "swiss"]
[EventRounds "7"]
[EventCountry "BRA"]
[SourceTitle "EXT 2002"]
[Source "ChessBase"]
[SourceDate "2001.11.25"]
[SourceVersion "1"]
[SourceVersionDate "2001.11.25"]
[SourceQuality "1"]

1. d4 Nf6 2. Bg5 d5 3. e3 h6 4. Bh4 c5 5. c3 cxd4 6. exd4 Bf5 7. Nf3 Qb6 8. Qb3 Nbd7 9. Nbd2 g5 10. Bg3 Bg7 11. Bb5 0-0 12. 0-0 Rfd8 13. Rfe1 Ne4 14. Nxe4 dxe4 15. Nd2 a6 16. Bxd7 Qxb3 17. axb3 Bxd7 18. Nc4 Rac8 19. Ra5 Bb5 20. f3 Bxc4 21. bxc4 Rxc4 22. Rxe4 e6 23. h4 Rd5 24. Rxd5 exd5 25. Re1 Kh7 26. Re7 b5 27. Rxf7 Kg8 28. Ra7 b4 29. Be1 bxc3 30. bxc3 Ra4 31. hxg5 hxg5 32. Bd2 Bf6 33. Kf1 Kf8 34. Ke2 Ke8 35. Kd3 Be7 36. g4 Ra1 37. Ra8+ Kf7 38. Rh8 Kg7 39. Rh2 Rf1 40. Ke2 Rb1 41. Rf2 a5 42. Rf1 Rb5 43. Ra1 Bd8 44. Kd3 Rb2 45. Re1 Bf6 46. Re6 Kf7 47. Ra6 Rb5 48. Kc2 Bd8 49. Bc1 Ke7 50. Be3 Ke8 51. Ra7 Kf8 52. Bf2 Bf6 53. Be3 Be7 54. Ra8+ Kf7 55. Ra6 Ke8 56. Bf2 Kf7 57. Ra7 Ke8 58. Bg3 Kf8 59. Bc7 1-0